Best of plans? (Record no. 78575)

MARC details
000 -LEADER
fixed length control field 00970cab a22002175a 4500
001 - CONTROL NUMBER
control field L137269
008 - FIXED-LENGTH DATA ELEMENTS--GENERAL INFORMATION
fixed length control field 070327e2007 xxk 000 0 eng d
035 ## - SYSTEM CONTROL NUMBER
System control number (Sirsi) u137269
041 0# - LANGUAGE CODE
Language code of text/sound track or separate title eng
100 1# - MAIN ENTRY--PERSONAL NAME
Personal name Clark, Kate
245 00 - TITLE STATEMENT
Title Best of plans?
260 ## - PUBLICATION, DISTRIBUTION, ETC.
Date of publication, distribution, etc. 2007
490 ## - SERIES STATEMENT
Series statement Cornerstone
Volume/sequential designation 28(1) 2007, 37-39(3)
520 ## - SUMMARY, ETC.
Summary, etc. Charts the progress of the Heritage Lottery Fund's (HLF) guidance on conservation planning, launched in 1998 with the requirement that applicants for projects costing over £500 000 (later £1m) should submit a conservation plan. Examines why conservation plans were required; revisions to the guidance in 2004; current issues with conservation management plans; and future plans to revise the HLF guidance.
590 ## - LOCAL NOTE (RLIN)
Local note KA
650 24 - SUBJECT ADDED ENTRY--TOPICAL TERM
Topical term or geographic name entry element HERITAGE LOTTERY FUND
651 #4 - SUBJECT ADDED ENTRY--GEOGRAPHIC NAME
Geographic name United Kingdom
Chronological subdivision
690 ## - LOCAL SUBJECT ADDED ENTRY--TOPICAL TERM (OCLC, RLIN)
Topical term or geographic name as entry element BUILT ENVIRONMENT-BUILDING MAINTENANCE AND REFURBISHMENT-BUILDING CONSERVATION
700 1# - ADDED ENTRY--PERSONAL NAME
Personal name Simpson, James
942 ## - ADDED ENTRY ELEMENTS (KOHA)
Suppress in OPAC 0
Holdings
Withdrawn status Lost status Source of classification or shelving scheme Damaged status Not for loan Home library Current library Shelving location Date acquired Total Checkouts Full call number Barcode Date last seen Copy number Price effective from Koha item type
    Dewey Decimal Classification     London London Journal article 27/03/2007   L137269 137269-1001 06/08/2019 1 06/08/2019 Journal article